Quizzes
Events
Quiz Creation
Community
Videos
Private Events
Remove Ads
Sign In
Join for FREE
Feedback
Dark Mode
Quiz Categories
Sports
Geography
Music
Movies
Television
Just For Fun
Miscellaneous
History
Literature
Language
Science
Gaming
Entertainment
Religion
Holiday
For Kids
Quiz Lab
Recent
Popular Today
Quiz Kudos Today
Editor Picks
Curator Picks
Quizzes by...
Day
Popularity
Type
Ratings
Length
Year
Community
Subscriptions
Recent Discussions
Orange Saloon
Badges
Playlists
Quests
Create
Leaderboards
Showdown
Live 5
Trivia Bingo
Activity
Puzzle Library
Sporcle Events
Private Events
Virtual Trivia
Globe League
Become a Host
Pub Owners
SporcleCon
Opinionation
Our Games
Videos
Blog
Mobile Apps
Partnerships
Remove Ads and Go Orange
Feedback
Religion
Mythology
Religious Music
World Religions
Bible
Christianity
Catholicism
Judaism
Church
Scripture
Islam
Verse
Religion
Mythology
Religious Music
World Religions
Bible
Christianity
Catholicism
Judaism
Church
Scripture
Islam
Verse
Random Quiz
Search Sporcle
×
Quiz Lab
Quiz Lab
Religion
Deadly
Type in answers that appear in a list
Type in answers that appear in a list
Classic
Best Score? Go Orange.
Deadly Sin Symbolisms Stats
Can you name the symbolisms of each Deadly Sin?
By
Speenatch
7m
28 Questions
235 Plays
235 Plays
235 Plays
Comments
Comments
Give Quiz Kudos
Give Quiz Kudos
-
- Ratings
hide this ad
Replay
Link that replays current quiz
Next Quiz
Link to next quiz in quiz playlist
You Got
0%
They Got
Avg Score
42%
Avg Friend Score
Upgrade to see
Score Distribution
Jump to the score distribution portion of the page
Score
0/28
Timer
07:00
0
Plays Today
% Correct
Red
97%
Green
94.5%
Light Blue
91.5%
Dark Blue
91.5%
Yellow
88.5%
Violet
85.1%
Orange
77.4%
Dog
49.8%
Pig
47.7%
Bear
41.3%
Humility
38.3%
Horse
35.3%
Cow
34.5%
Chastity
33.2%
% Correct
Charity
31.9%
Temperance
28.9%
Goat
26.4%
Kindness
26%
Ira
23.4%
Gula
20%
Frog
19.1%
Luxuria
18.7%
Diligence
18.3%
Invidia
17.4%
Avaritia
17%
Forgiveness
16.6%
Superbia
15.7%
Acedia
14.5%
Quiz Playlist
Details
Report
Send in Message
Add To Playlist
Classic:
Type in answers that appear in a list
Last Updated: Feb 16, 2017
Quiz Scoreboard
CHALLENGE
Sign Up to Join the Scoreboard
Show All
Scores
Hide
Comments
May contain spoilers
Recently Published
College Basketball Coaching Resumes
by pancakes188
Sports
9m
Billboard Blitz: Fleetwood Mac
by CooCooCachoo
Music
15s
Presidents Visiting Landmarks
by Hejman
History
7m
More to Explore
Quiz From the Vault
Featured Blog Post
Where Did the Easter Bunny Come From?
hide this ad
You Might Also Like...
Tags
Character
Deadly
sin
Today's Top Quizzes in Religion
Browse Religion
hide this ad
Today's Top Quizzes in Deadly
Browse Deadly
Top Contributed Quizzes in Religion
1
5-to-1: Children of Gods
2
5-to-1: European Churches
3
One Thing in Common: Mythology
4
10 to 1: Islam
5
One Thing in Common: Mythology II
6
Prime Time: Religion
7
Order Up: Seven Last Words of Christ
8
One Thing in Common: Religion
9
One Thing in Common: Religion and Mythology
10
Mythological Creature Bunker
Explore More
Trending Topics
NBA
Harry Potter
Anime
Kpop
Marvel
Crossword
Disney
Puzzle
Song
Soccer
WWE
NFL
Country
Pokémon
The Office
hide this ad
More By:
Speenatch
Quiz
Plays
Rating
Category
Featured
Created
Super Smash Bros Characters a la Kirby
4,048
4.07
Gaming
Nov 22, 2009
Glee Solos - Season 2
3,883
3.92
Entertainment
Jan 31, 2011
Glee Solos - Season 1
2,379
4.63
Entertainment
Oct 4, 2010
Glee Intros 4
2,057
4.20
Entertainment
Aug 17, 2010
Villain Songs (Broadway)
2,032
2.40
Entertainment
Mar 6, 2010
Go to Creator's Profile
Score Distribution
Quiz Creator Spotlight
Speenatch
Follow
Send a Message
Quizzes Created
-
Created Quiz Play Count
-
More By This Creator
Popular Quizzes Today
1
Find the US States - No Outlines Minefield
2
Find the Countries of Europe - No Outlines Minefield
3
The Countries of the World
4
Find the US States
5
Risky Map Clicking: Biggest States A-Z
6
US States
7
Popular People in 1961
8
Movies - When Are They Set?
More Religion Quizzes
Where's That House of Worship?
Published
Trending Quizzes
Risky Map Clicking: Least Populous States A-Z
1-10 Letter G Words
1-10 Letter F Words
Risky Map Clicking: Next State Alphabetically
Risky Map Clicking: Biggest States A-Z
Recently Updated
Leaping Animals
pecheneg
Reality TV Shows (A-Z)
bhenderson79
Rickey Henderson's Hall of Fame Teammates
pecheneg
Champions League XIs: Arsenal
pecheneg
Quick Pick: Celebrities in WWE's Hall of Fame
aduchscher
A-Z Keypad Blitz II
pecheneg
Multiple Oscar Actors
pecheneg
Mystery Phrase Blitz: Oscar 'Best Actors'
pecheneg
F. Scott Fitzgerald Novels
LTH
Pick 3 Villains
ddd62291
Trending Topics
Kpop
Crossword
NBA
Anime
Disney
Marvel
Harry Potter
Song
The Office
Soccer
NFL
Country
Pokémon
Puzzle
WWE
Your Account Isn't Verified!
In order to create a playlist on Sporcle, you need to verify the email address you used during registration. Go to your
Sporcle Settings
to finish the process.
Report this User
Report this user for behavior that violates our
Community Guidelines
.
Details:
Send Report
Go to the Sporcle.com Mobile Site →
Comments